000 00311nam a22001337a 4500
008 170508b xxu||||| |||| 00| 0 eng d
020 _a9781587787812
041 _aeng
080 _a34
100 _a15
101 _aSHJ
245 _aINTERNATIONAL LAW AND THE USE OF FORCE
_cO'CONNELL, M.E
942 _2udc
_cBK
999 _c13016
_d13016